<?xml version="1.0" encoding="UTF-8"?>
<record
    xmlns:xsi="http://www.w3.org/2001/XMLSchema-instance"
    xsi:schemaLocation="http://www.loc.gov/MARC21/slim http://www.loc.gov/standards/marcxml/schema/MARC21slim.xsd"
    xmlns="http://www.loc.gov/MARC21/slim">

  <leader>01825nam a22002057a 4500</leader>
  <datafield tag="999" ind1=" " ind2=" ">
    <subfield code="c">6637</subfield>
    <subfield code="d">6637</subfield>
  </datafield>
  <controlfield tag="003">AR-CdUCM</controlfield>
  <controlfield tag="008">190318b           ||||| |||| 00| 0 spa d</controlfield>
  <datafield tag="040" ind1=" " ind2=" ">
    <subfield code="a">MUNICIPALIDAD PROVINCIAL DEL CUSCO</subfield>
    <subfield code="c">BIBLIOTECA MUNICIPAL DEL CUSCO</subfield>
  </datafield>
  <datafield tag="082" ind1=" " ind2=" ">
    <subfield code="a">086.970 /</subfield>
    <subfield code="b">C81Q</subfield>
  </datafield>
  <datafield tag="110" ind1=" " ind2=" ">
    <subfield code="a">COMISI&#xD3;N NACIONAL DEL SESQUICENTENARIO DE LA INDEPENDENCIA DEL PERU</subfield>
    <subfield code="9">18664</subfield>
  </datafield>
  <datafield tag="245" ind1=" " ind2=" ">
    <subfield code="a">Quinto Congreso Internacional de historia de Am&#xE9;rica. Lima, 31 de julio - 6 de agosto de 1971 /</subfield>
    <subfield code="b">COMISION NACIONAL DEL SESQUICENTENARIO DE LA INDEPENDENCIA DEL PERU.</subfield>
  </datafield>
  <datafield tag="260" ind1=" " ind2=" ">
    <subfield code="a">Lima :</subfield>
    <subfield code="b">CNSIP,</subfield>
    <subfield code="c">1972.</subfield>
  </datafield>
  <datafield tag="300" ind1=" " ind2=" ">
    <subfield code="a">5 tomos ;</subfield>
    <subfield code="c">23n cm.</subfield>
  </datafield>
  <datafield tag="505" ind1=" " ind2=" ">
    <subfield code="a">Contenido :t.1:Sesi&#xF3;n preparatoria del V congreso internacional de historia de Am&#xE9;rica,Sesi&#xF3;n solemne de apertura,Acto acad&#xE9;mico de homenaje al sesquicentenario nacional e inaguracion de la exposici&#xF3;n de documentos y libros de la independencia... --t.2:Tupac Amaru y la ptoyeccion de su pensamiento en Cadiz, Levantamiento tupacamarista, El heroismo revolucionario de Micaela Bastidas ...--t.3:Creaci&#xF3;n de la escuadra libertadora y sus campa&#xF1;as en el pacifico, previas a la liberaci&#xF3;n del Per&#xFA;, Campa&#xF1;a y obra de gobierno de Bol&#xED;var en el Per&#xFA;, Bernardo Monteagudo y la emancipaci&#xF3;n latinoamericana --t.4:Antonio de Andueza y Gregorio de Guinea, diputados electos a la corte del Cadiz, Sim&#xF3;n Bol&#xED;var y la divisi&#xF3;n pol&#xED;tica del Per&#xFA;, Gaspar Hernandez, peruano precursor de la Emancipaci&#xF3;n dominicana...--t.5:La pol&#xED;tica de gran Breta&#xF1;a en el ri&#xF3; de la plata y su influencia en la revoluci&#xF3;n de Zela, Carlos Pereyra y su pensamiento sobre la emancipaci&#xF3;n Hispanoamericana, El derecho de ciudadan&#xED;a activa como reflejo de la ideolog&#xED;a emancipadora ...</subfield>
  </datafield>
  <datafield tag="650" ind1=" " ind2=" ">
    <subfield code="a">America</subfield>
    <subfield code="9">1348</subfield>
  </datafield>
  <datafield tag="650" ind1=" " ind2=" ">
    <subfield code="a">Historia</subfield>
    <subfield code="9">44022</subfield>
  </datafield>
  <datafield tag="650" ind1=" " ind2=" ">
    <subfield code="a">Congresos</subfield>
    <subfield code="9">2448</subfield>
  </datafield>
  <datafield tag="942" ind1=" " ind2=" ">
    <subfield code="2">ddc</subfield>
    <subfield code="c">LIBROS</subfield>
  </datafield>
  <datafield tag="945" ind1=" " ind2=" ">
    <subfield code="a">rjall</subfield>
  </datafield>
  <datafield tag="952" ind1=" " ind2=" ">
    <subfield code="0">0</subfield>
    <subfield code="2">ddc</subfield>
    <subfield code="4">0</subfield>
    <subfield code="7">0</subfield>
    <subfield code="a">SH</subfield>
    <subfield code="b">SH</subfield>
    <subfield code="c">CART</subfield>
    <subfield code="d">2019-03-18</subfield>
    <subfield code="g">45.00</subfield>
    <subfield code="o">086.970 / C81Q / t.1</subfield>
    <subfield code="p">SH0000007572</subfield>
    <subfield code="r">2019-03-18</subfield>
    <subfield code="y">LIBROS</subfield>
  </datafield>
  <datafield tag="952" ind1=" " ind2=" ">
    <subfield code="0">0</subfield>
    <subfield code="2">ddc</subfield>
    <subfield code="4">0</subfield>
    <subfield code="7">0</subfield>
    <subfield code="a">SH</subfield>
    <subfield code="b">SH</subfield>
    <subfield code="c">CART</subfield>
    <subfield code="d">2019-10-22</subfield>
    <subfield code="o">086.970 / C81Q / t.1 / e.2</subfield>
    <subfield code="p">SH0000011896</subfield>
    <subfield code="r">2019-10-22</subfield>
    <subfield code="y">LIBROS</subfield>
  </datafield>
  <datafield tag="952" ind1=" " ind2=" ">
    <subfield code="0">0</subfield>
    <subfield code="2">ddc</subfield>
    <subfield code="4">0</subfield>
    <subfield code="7">0</subfield>
    <subfield code="a">SH</subfield>
    <subfield code="b">SH</subfield>
    <subfield code="c">CART</subfield>
    <subfield code="d">2019-10-22</subfield>
    <subfield code="o">086.970 / C81Q / t.2</subfield>
    <subfield code="p">SH0000007899</subfield>
    <subfield code="r">2019-10-22</subfield>
    <subfield code="y">LIBROS</subfield>
  </datafield>
  <datafield tag="952" ind1=" " ind2=" ">
    <subfield code="0">0</subfield>
    <subfield code="2">ddc</subfield>
    <subfield code="4">0</subfield>
    <subfield code="7">0</subfield>
    <subfield code="a">SH</subfield>
    <subfield code="b">SH</subfield>
    <subfield code="c">CART</subfield>
    <subfield code="d">2019-10-22</subfield>
    <subfield code="o">086.970 / C81Q / t.3</subfield>
    <subfield code="p">SH0000007902</subfield>
    <subfield code="r">2019-10-22</subfield>
    <subfield code="y">LIBROS</subfield>
  </datafield>
  <datafield tag="952" ind1=" " ind2=" ">
    <subfield code="0">0</subfield>
    <subfield code="2">ddc</subfield>
    <subfield code="4">0</subfield>
    <subfield code="7">0</subfield>
    <subfield code="a">SH</subfield>
    <subfield code="b">SH</subfield>
    <subfield code="c">CART</subfield>
    <subfield code="d">2019-10-22</subfield>
    <subfield code="o">086.970 / C81Q / t.4</subfield>
    <subfield code="p">SH0000007901</subfield>
    <subfield code="r">2019-10-22</subfield>
    <subfield code="y">LIBROS</subfield>
  </datafield>
  <datafield tag="952" ind1=" " ind2=" ">
    <subfield code="0">0</subfield>
    <subfield code="2">ddc</subfield>
    <subfield code="4">0</subfield>
    <subfield code="7">0</subfield>
    <subfield code="a">SH</subfield>
    <subfield code="b">SH</subfield>
    <subfield code="c">CART</subfield>
    <subfield code="d">2019-10-22</subfield>
    <subfield code="o">086.970 / C81Q / t.5</subfield>
    <subfield code="p">SH0000007900</subfield>
    <subfield code="r">2019-10-22</subfield>
    <subfield code="y">LIBROS</subfield>
  </datafield>
</record>
